| 000 | 00485 a2200169 4500 | ||
|---|---|---|---|
| 020 | _a 8178080354 | ||
| 040 |
_aDLC _bDLC |
||
| 082 | _a005.43 | ||
| 100 | _aDeitel, Harvey M. | ||
| 245 |
_aAn Introduction to operating systems _cHarvey M.Deitel _hBook |
||
| 250 | _a2nd ed. | ||
| 260 |
_aNew Delhi : _bPearson Education Inc., _cc2005. |
||
| 300 |
_axxvi, 853 p. : _b ill. ; _c24 cm. |
||
| 500 | _aIncludes Index | ||
| 650 | _aOperating systems (Computers) | ||
| 942 |
_cBK _k005.43 DEI _2ddc |
||
| 999 |
_c6220 _d6220 |
||